| 000 | 00520nam a22001937a 4500 | ||
|---|---|---|---|
| 003 | UUm | ||
| 005 | 20140310181739.0 | ||
| 008 | 130322t xxu||||| |||| 00| 0 eng d | ||
| 020 | _a185168008X | ||
| 050 |
_aHQ 734 _b.K45 1989 |
||
| 082 |
_aTR 306.85 _bK52 1989 |
||
| 245 |
_aCreating a successful family _cKhalil A Khavari, Sue Williston Khavari |
||
| 260 |
_aLondon _bOneworld Pub. _c1989 |
||
| 300 |
_c21.5 cm. _axii. 269 p. ; |
||
| 521 | _aFaculty | ||
| 541 | _j1 | ||
| 562 | _e1 | ||
| 942 |
_2lcc _cBK-TR _kTR |
||
| 999 |
_c2699 _d2699 |
||